Southville International School and Colleges
Your cart is empty.
  • Cart
  • Lists
    Public lists Eva Luna New books Lux_list list_1
    Your lists Log in to create your own lists
  • Log in to your account
  • Your cookies
  • Search history
Southville International School and Colleges
  • Advanced search
  • Recent comments
  • Most popular
  • Libraries

Log in to your account

Log in with GOOGLE


If you do not have an external account, but do have a local account, you can still log in:

  1. Home
  2. MARC view: Cleopatra /
Normal view MARC view ISBD view

Cleopatra / (Record no. 290304)

[ view plain ]
MARC details
000 -LEADER
fixed length control field 00761nam a2200193Ia 4500
008 - FIXED-LENGTH DATA ELEMENTS--GENERAL INFORMATION
fixed length control field 160114s9999 xx 000 0 und d
020 ## - INTERNATIONAL STANDARD BOOK NUMBER
International Standard Book Number 0-590510622
050 ## - LIBRARY OF CONGRESS CALL NUMBER
Classification number 932.021
050 ## - LIBRARY OF CONGRESS CALL NUMBER
Item number .S788c 1994
100 ## - MAIN ENTRY--PERSONAL NAME
Personal name Stanley, Diane. Vennema, Peter.
245 ## - TITLE STATEMENT
Title Cleopatra /
Statement of responsibility, etc Peter Stanley, Diane. Vennema.
260 ## - PUBLICATION, DISTRIBUTION, ETC. (IMPRINT)
Place of publication, distribution, etc New York :
Name of publisher, distributor, etc Scholastic Inc.,
Date of publication, distribution, etc 1994
300 ## - PHYSICAL DESCRIPTION
Extent 46 unnumbered pages :
Other physical details color illustrations, maps ;
Dimensions 28 cm
500 ## - GENERAL NOTE
General note Reprint: Originally published: New York : Morrow Junior Books, ©1994. "First Scholastic printing, September 1998"--Title page verso.
650 ## - SUBJECT ADDED ENTRY--TOPICAL TERM
Topical term or geographic name as entry element Cleopatra, -- Queen of Egypt, -- -30 B.C. --
650 ## - SUBJECT ADDED ENTRY--TOPICAL TERM
Topical term or geographic name as entry element Queens -- Egypt -- Biography --
650 ## - SUBJECT ADDED ENTRY--TOPICAL TERM
General subdivision Juvenile literature.
650 ## - SUBJECT ADDED ENTRY--TOPICAL TERM
General subdivision Juvenile literature.
Holdings
Withdrawn status Lost status Damaged status Home library Current library Shelving location Date acquired Total Checkouts Full call number Date last seen Price effective from Koha item type
      Stonyhurst Southville International School (Batangas) Stonyhurst Southville International School (Batangas) Grade School Section 01/14/2016   932.021 .S788c 1994 01/14/2016 01/14/2016 Books

Cleopatra /

APA

Stanley D. V. P., . (1994). Cleopatra. New York: Scholastic Inc.

Chicago

Stanley Diane Vennema Peter, . 1994. Cleopatra. New York: Scholastic Inc.

Harvard

Stanley D. V. P., . (1994). Cleopatra. New York: Scholastic Inc.

MLA

Stanley Diane Vennema Peter, . Cleopatra. New York: Scholastic Inc. 1994.

  • Place hold
  • Print
  • Cite
  • Add to your cart (remove)
  • Save record
    BIBTEX Dublin Core MARCXML MARC (non-Unicode/MARC-8) MARC (Unicode/UTF-8) MARC (Unicode/UTF-8, Standard) MODS (XML) RIS
  • More searches
    Search for this title in:
    Other Libraries (WorldCat) Other Databases (Google Scholar) Online Stores (Bookfinder.com) Open Library (openlibrary.org)

Exporting to Dublin Core...

SOUTHVILLE LIBRARY

Southville International School and Colleges Library

1281 Tropical Ave. Cor. Luxembourg St., BF Homes International, Las Pinas City

Tel. No. 8256374 / 252358 Loc. 117/146

Powered by Koha